BUBT Library Online Catalog

Product Management (Record no. 4920)

000 -LEADER
fixed length control field 00535nam a2200181Ia 4500
008 - FIXED-LENGTH DATA ELEMENTS--GENERAL INFORMATION
fixed length control field 151213s9999 xx 000 0 und d
020 ## - INTERNATIONAL STANDARD BOOK NUMBER
International Standard Book Number 0-07-286598-9
082 ## - DEWEY DECIMAL CLASSIFICATION NUMBER
Classification number 658.5'6
Item number 658.5'6
100 ## - MAIN ENTRY--PERSONAL NAME
Personal name donald R.Lehnsann, Russell S.winer
245 ## - TITLE STATEMENT
Title Product Management
Statement of responsibility, etc. donald R.Lehnsann, Russell S.winer
250 ## - EDITION STATEMENT
Edition statement 4th
260 ## - PUBLICATION, DISTRIBUTION, ETC. (IMPRINT)
Place of publication, distribution, etc. New Delhi
Name of publisher, distributor, etc. Tata McGrawHill Education Private Ltd.
Date of publication, distribution, etc. 2005
300 ## - PHYSICAL DESCRIPTION
Extent 10905 p.
650 ## - SUBJECT ADDED ENTRY--TOPICAL TERM
Topical term or geographic name as entry element Management
650 ## - SUBJECT ADDED ENTRY--TOPICAL TERM
Topical term or geographic name as entry element Management
700 ## - ADDED ENTRY--PERSONAL NAME
Personal name donald R.Lehnsann, Russell S.winer

No items available.

More Information About Library

Library Hours

  • Open: 9.00 am. to 9.00 pm.
  • Only Sunday: 9.00 am. to 6.00 pm.
  • Closed: Holiday

Contact to the University

Bangladesh University of Business and Technology Library

  • Mirpurl-2, 1216.
  • Phone:
  • Fax:
  • E-Mail: admin.library@bubt.edu.bd

Contact to the Library

Contact Person:

Md. Abdul Hakim Shah
Joint Librarian
PABX No:  113
Cell No: 01816332931
E-mail: official: admin.library@bubt.edu.bd
Personal: hakim.shah@bubt.edu.bd


BUBT Library

Copyright © 2021